Don Robustiano (Record no. 161935)

MARC details
000 -LEADER
campo de control de longitud fija 00793nam a22001695i 4500
001 - NÚMERO DE CONTROL
campo de control 161935
003 - IDENTIFICADOR DE NÚMERO DE CONTROL
campo de control ES-MaACL
005 - FECHA Y HORA DE LA ÚLTIMA TRANSACCIÓN
campo de control 20250918063040.0
008 - DATOS DE LONGITUD FIJA--INFORMACIÓN GENERAL
campo de control de longitud fija 000203s1872 sp |||| | spa d
100 1# - ENTRADA PRINCIPAL--NOMBRE DE PERSONA
Nombre de persona Perillan Buxó, Eloy,
Fechas asociadas al nombre 1848-1889
9 (RLIN) 131025
245 10 - MENCIÓN DEL TÍTULO
Título Don Robustiano
Resto del título : disparate cómico en dos actos y en prosa /
Mención de responsabilidad, etc. original de Eloy Perillan y Buxó.
260 ## - PUBLICACIÓN, DISTRIBUCIÓN, ETC.
Lugar de publicación, distribución, etc. Madrid :
Nombre del editor, distribuidor, etc. [s.n.],
Fecha de publicación, distribución, etc. 1872 (
Fabricante Imp. de Diego Valero)
300 ## - DESCRIPCIÓN FÍSICA
Extensión 48 p. ;
Dimensiones 20 cm.
500 ## - NOTA GENERAL
Nota general En port.: Estrenada con gran aplauso en el Teatro de Variedades en la noche del 17 de abril de 1872.
852 ## - LOCALIZACIÓN
Ubicación ES-MaACL
Número de control de estantería F-8597(11)
Nota libre - Enc. pasta española, falto de cub. original
-- - Enc. en un vol. facticio formando parte de la col. facticia "Teatro español moderno", v. 50
Holdings
Estatus retirado Estado de pérdida Estado de daño No para préstamo Colección Biblioteca de origen Biblioteca actual Ubicación en estantería Fecha de adquisición Total de préstamos Signatura topográfica completa Código de barras Visto por última vez Precio de reemplazo Tipo de ítem Koha
        Libros del s. XIX Biblioteca del Ateneo de Madrid Biblioteca del Ateneo de Madrid Sala Pecera Planta 2 17/01/2008   F-8597(11) 1169631 23/02/2023 23/02/2023 Libro impreso antiguo